| 000 | 00591nam a2200181Ia 4500 | ||
|---|---|---|---|
| 008 | 230714s9999 xx 000 0 und d | ||
| 020 | _a9780000000000 | ||
| 041 | _aeng | ||
| 082 |
_a005.13'3 _bSHA |
||
| 100 |
_aShaw Z.A. _9199973 |
||
| 245 |
_aLearn Python The Hard Way _bA Very Simple Introduction To The Terrifyingly Beautiful World Of Computers And Code |
||
| 250 | _a3rd ed. | ||
| 260 |
_c2014 _bAddison Wesley |
||
| 300 |
_a287 _dRef 1592 C (55552) |
||
| 365 |
_cRs. _b2815.29 |
||
| 700 |
_aShaw Z.A. _9199973 |
||
| 906 |
_dO:0373309-Feb-2017B:SE/SI/373503-Feb-2017 _cCOMP _b3519.11 |
||
| 999 |
_c219971 _d219971 |
||